| 000 | 01024nas a2200325 4500 | ||
|---|---|---|---|
| 001 | BR0101308 | ||
| 003 | BR-BrBNA | ||
| 005 | 20231205102117.0 | ||
| 007 | ta | ||
| 008 | 230509b bl.|||p| |||| 00| 00por d | ||
| 040 |
_aBR-BrBNA _bpor _cBiblioteca Nacional de Agricultura |
||
| 041 | _a(Pt) | ||
| 072 | _aL02 | ||
| 100 | 1 | _aPrado, I.N. do | |
| 100 | 1 | _aPinheiro, A.D. | |
| 100 | 1 | _aAlcalde, C.R. | |
| 100 | 1 | _aZeoula, L.M. | |
| 100 | 1 | _aNascimento, W.G. do | |
| 100 | 1 | _aSouza, N.E. de | |
| 245 | 1 | _aNiveis de substituicao do milho pela polpa de citrus peletizada sobre o desempenho e caracteristicas de carcaca de bovinos mesticos confinados | |
| 650 | _aGado Mestico | ||
| 650 | _aPolpa de Fruta | ||
| 650 | _aConfinamento | ||
| 650 | _aCarcaca | ||
| 650 | _aPerformance | ||
| 650 | _aPARANÁ | ||
| 773 | 0 |
_tRevista Brasileira de Zootecnia (Brazil) _xISSN 1516-3598 _g(Nov-Dec 2000), v. 29(6)Suplemento 1 p. 2135-2141 _wBR0101308 |
|
| 909 |
_a202311 _bLúcia _c55 _dLúcia Elande |
||
| 942 |
_2AGRIS _n0 _cANA |
||
| 999 |
_c165794 _d165794 |
||